Caricamento...

Stories about the partition of India (vol.4)

Dettagli Bibliografici
Autore principale: Alok Bhalla (ed.)
Natura: Printed Book
Pubblicazione: New Delhi Manohar 2012
Soggetti:
LEADER 00679nam a22002051a 4500
020 |a 9788173049361  |c 0.00 
040 |a SSUS - Library - Kalady 
082 |a 823.01  |b ALO/S 
100 |a Alok Bhalla (ed.) 
245 |a Stories about the partition of India (vol.4)  |h [Text] 
260 |a New Delhi  |b Manohar  |c 2012 
300 |a 486p. 
600 |a Stories English  
600 |a Literature English 
600 |a Literature 
600 |a Stories Partition India 
852 |h 823.01  |i ALO/S  |p 073925  |9 995.00  |t 0 
942 |c BK 
999 |c 44241  |d 44241 
952 |0 0  |1 0  |4 0  |6 823_010000000000000_ALO_S  |7 0  |9 64037  |a SSUS  |b SSUS  |d 2015-01-08  |g 995.00  |o 823.01 ALO/S  |p 073925  |r 2015-01-08  |v 0.00  |w 2015-01-08  |y BK